Sprievodca dohovorom o karnete ATA Karnet ATA ako nástroj na podporu medzinárodného obchodu, praktické výhody a spôsob využívania

Gespeichert in:
Bibliographische Detailangaben
1. Verfasser: Knopp, Juraj
Weitere Verfasser: Predajnianská, Beáta
Format: Buch
Sprache:Slowakisch
Veröffentlicht: Bratislava Slovenská obchodná a priemyselná komora 1996
Ausgabe:1. vyd.
Schlagworte:
Tags: Tag hinzufügen
Keine Tags, Fügen Sie das erste Tag hinzu!

MARC

LEADER 00000nam a2200000 4500
001 c016136
005 20221214071900.0
020 |a 80-85588-41-2 
041 0 |a slo 
044 |a SK 
245 1 0 |a Sprievodca dohovorom o karnete ATA  |b Karnet ATA ako nástroj na podporu medzinárodného obchodu, praktické výhody a spôsob využívania  |c Juraj Knopp, Beáta Predajnianská 
250 |a 1. vyd. 
264 1 |a Bratislava  |b Slovenská obchodná a priemyselná komora  |c 1996 
300 |a 96 s.  |e 1 samostat. príl. 
610 2 0 |a obchod medzinárodný 
610 2 0 |a obchod zahraničný 
610 2 0 |a karnety ATA 
610 2 0 |a dohody obchodné medzinárodné 
100 1 |a Knopp, Juraj 
700 1 |a Predajnianská, Beáta